Learn to rapid-read

Bibliographic Details
Main Author: Johnson, Ben E. (Author)
Format: Book
Published: India : D. B. Taraporevala Sons , c1973
Subjects:

MARC

LEADER 00000cam a2200000 7i4500
001 0000007239
005 20021119093000.0
008 021119n
090 0 0 |a LB1050.54   |b .J6 
100 0 |a Johnson, Ben E. ,   |e author 
245 0 0 |a Learn to rapid-read   |c Ben E. Johnson 
260 2 |a India :   |b D. B. Taraporevala Sons ,   |c c1973 
300 |a 175 p. ; ;   |c 21 cm. 
650 0 |a Rapid reading 
999 |a 1000026503   |b Book   |c OPEN SHELF (30 DAYS)   |e Gong Badak Campus